00480nam a2200145Ia 4500008004100000041000800041082001600049100001900065245003400084260005000118300001900168520002400187999001700211952010600228240719s9999 xx 000 0 und d aeng a299.936 HAB aHabard, Ron L. aDianetics Ek Science Ka Vikas aNew DehlibDenmark:New Era Publicationsc2009 a195.; P. 22 cm aGifted By : New era c41444d41444 00104070aIMTNbIMTNcRack 4-Ad2023-08-13o299.936 HABp33139r2024-07-19 00:00:00w2024-07-19yBK